| 000 | 00564nam a2200205 a 4500 | ||
|---|---|---|---|
| 005 | 20210223123944.0 | ||
| 008 | 991125n 000 0 spa u | ||
| 035 | _aUPN01000086043 | ||
| 100 |
_aRIVA LARA, María de Jesús de la _941712 |
||
| 222 | _aXICTLI | ||
| 245 | _aLo curricular como objeto de estudio de la Lic. en educación plan 94 | ||
| 260 | _aMéxico | ||
| 300 | _a30-32 | ||
| 362 | _a1997 Año 7, no. 25, ene.-mar. | ||
| 653 | 0 | _aANALISIS CURRICULAR | |
| 653 | 0 | _aCURRICULUM | |
| 653 | 0 | _aLE'94 | |
| 904 |
_aAC _b023854 |
||
| 905 | _aArticulo | ||
| 999 |
_c72131 _d72131 |
||